Sports Quiz

Random Sports or Football Quiz

The Big Board: NFL Quiz Stats

 Plays Quiz Updated May 29, 2018

Score 0/36 Timer 07:00
19 Plays Today
Hint Answer % Correct
Identify the famous draft bust in each image.
100%
Name the football movie described by each clue.
99.9%
What call/penalty is the ref signalling in each image?
99.9%
Answer the trivia about famous running backs.
99.9%
Identify each NFL coach from his disembodied head.
99.9%
Answer the miscellaneous NFL trivia.
99.9%
Touchdown or Successful Kick
88.6%
Holding
88.4%
Vince Lombardi
87.2%
Houston, TX
87.2%
John Madden
85.5%
Offside, Encroachment, Neutral Zone Infraction
82.5%
Mike Ditka
82.3%
Safety
81.4%
Pylon
78.3%
Browns
77.7%
Jerome Bettis
76.6%
The Blind Side
76.2%
Hint Answer % Correct
Tomlinson, Holmes, Alexander, Smith
75.8%
Rudy
74.7%
Ryan Leaf
73.1%
JaMarcus Russell
69.8%
Newton, Sanders, + 6 more
68.4%
The Longest Yard
65.9%
Tom Landry
64.1%
Delay of Game, Excess Time Out
60.8%
Brian Bosworth
59.6%
Tim Couch
59.1%
Colts & Rams
58.6%
Eric Dickerson (2,105)
54.1%
Gale Sayers
52.6%
Invincible
44.6%
Leatherheads
41.8%
Marv Levy
41.2%
Ki-Jana Carter
31%
Hank Stram
29%

You're not logged in!

Compare scores with friends on all Sporcle quizzes.
OR
Log In

Sporcle TV

Today on Sporcle TV


Watch our educational content, quiz creation guides, and fun videos on Sporcle TV.

Show Comments

Extras

Top Quizzes Today


Score Distribution

Your Account Isn't Verified!

In order to create a playlist on Sporcle, you need to verify the email address you used during registration. Go to your Sporcle Settings to finish the process.

Report this User

Report this user for behavior that violates our Community Guidelines.

Details: